Προσεγγίσεις και τεχνικές για την ψηφιακή μοντελοποίηση φωτορεαλιστικών μαλλιών : διπλωματική εργασία
Η ρεαλιστική μοντελοποίηση μαλλιών, αποτελεί ένα από τα πιο δύσκολα ζητήματα στον τομέα των τρισδιάστατων ψηφιακών γραφικών, κυρίως λόγω της πολύπλοκης φύσης τους. Μέσα από την συγγραφή της διπλωματικής αυτής εργασίας γίνεται αρχικά μια προσπάθεια καταγραφής και μελέτης των σημαντικότερων ερευνητικώ...
Αποθηκεύτηκε σε:
| Κύριος συγγραφέας: | |
|---|---|
| Συγγραφή απο Οργανισμό/Αρχή: | |
| Άλλοι συγγραφείς: | |
| Μορφή: | Thesis Βιβλίο |
| Γλώσσα: | Greek |
| Δημοσίευση: |
2013
|
| Θέματα: | |
| Διαθέσιμο Online: | http://hdl.handle.net/11610/9103 |
| Ετικέτες: |
Προσθήκη ετικέτας
Δεν υπάρχουν, Καταχωρήστε ετικέτα πρώτοι!
|
MARC
| LEADER | 00000cam a2200000 i 4500 | ||
|---|---|---|---|
| 001 | 1/46031 | ||
| 008 | 140411s2013 gre d | ||
| 035 | |l 10117405 | ||
| 040 | |a GR-MY-UA |b gre |e aacr | ||
| 041 | 0 | |a gre | |
| 082 | 0 | |a 006.696 |2 (22) | |
| 100 | 1 | |a Μαλέα, Αναστασία. | |
| 245 | 1 | 0 | |a Προσεγγίσεις και τεχνικές για την ψηφιακή μοντελοποίηση φωτορεαλιστικών μαλλιών : |b διπλωματική εργασία / |c Μαλέα Αναστασία ; επιβλεπων καθηγητής: Κυριακουλάκος Παναγιώτης |
| 260 | |c 2013 | ||
| 300 | |a 145 φύλλα; |b εικ.; |c 30 εκ. | ||
| 500 | |a Διάθεση πλήρους κειμένου ελεύθερης πρόσβασης | ||
| 502 | |a Πτυχιακή εργασία – Πανεπιστήμιο Αιγαίου, Σύρος, 2013. | ||
| 504 | |a Βιβλιογραφία: σ. 93-100 | ||
| 520 | |a Η ρεαλιστική μοντελοποίηση μαλλιών, αποτελεί ένα από τα πιο δύσκολα ζητήματα στον τομέα των τρισδιάστατων ψηφιακών γραφικών, κυρίως λόγω της πολύπλοκης φύσης τους. Μέσα από την συγγραφή της διπλωματικής αυτής εργασίας γίνεται αρχικά μια προσπάθεια καταγραφής και μελέτης των σημαντικότερων ερευνητικών προσεγγίσεων που έχουν αναπτυχθεί για το στυλιζάρισμα, την προσωμοίωση της κίνησης και την απόδοση οπτικών χαρακτηριστικών, με σκοπό την δημιουργία φωτορεαλιστικών ανθρωπίνων μοντέλων μαλλιών, ενώ παράλληλα επιχειρείται η κατηγοριοποίηση αυτών με βάση τους στόχους και τις απαιτήσεις της εκάστοτε εφαρμογής. Στα πλαίσια καλύτερης κατανόησης της λειτουργίας των τεχνικών αυτών, παρουσιάζεται η εφαρμογή του μεθοδολογικού πλαισίου μέσα από την υλοποίηση δύο παραδειγμάτων, με την χρήση προγραμμάτων τρισδιάστατης σχεδίασης. | ||
| 650 | 0 | 0 | |a Hair |x Computer simulation. |
| 650 | 0 | 0 | |a Computer animation. |
| 650 | 0 | 0 | |a Computer graphics. |
| 650 | 0 | 0 | |a Dissertations, Academic |z Greece. |
| 700 | 1 | |a Κυριακουλάκος, Παναγιώτης. |4 ths | |
| 710 | 2 | |a Πανεπιστήμιο Αιγαίου. |b Τμήμα Μηχανικών Σχεδίασης Προϊόντων και Συστημάτων. | |
| 852 | |a INST |b SYROS |c DIATR |e 20140411 |h 006.696 ΜΑΛ |p 005500011367 |q 005500011367 |t DIE |y 23 | ||
| 852 | |a INST |b SYROS |c DIATR |e 20140411 |h 006.696 ΜΑΛ |p 005500011368 |q 005500011368 |t DIE |y 23 | ||
| 856 | |u http://hdl.handle.net/11610/9103 | ||
| 901 | |a BIBL5-2014-1 | ||
| 909 | |a Ε |b 186818 | ||
| 909 | |a Ε |b 186817 | ||
| 924 | |a ΜΑΛΕΑ |b ΑΝΑΣΤΑΣΙΑ |y ΣΥΡΟΣ |z 2014-02 | ||
| 970 | |a ΚΟΝΤΟΥ |b ΠΑΡΑΣΚΕΥΗ |z 2014/04/11 | ||